|
|
|
|
| LEADER |
00000nab a2200000 ar4500 |
| 001 |
vtls010092251 |
| 003 |
SK-MaSNL |
| 005 |
20260318114728.0 |
| 008 |
100505c2010 xo |||||||b| |000 b|hun |
| 015 |
|
|
|a SNBRB2010/05
|2 snkbucl
|
| 038 |
|
|
|a SNKBUCL
|
| 040 |
|
|
|a DSZK
|b slo
|c DSZK
|e AACR2
|
| 041 |
0 |
|
|a hun
|
| 044 |
|
|
|a xo
|c SK
|
| 080 |
|
|
|a 82.091
|2 1997
|
| 080 |
|
|
|a 82(091)
|2 1997
|
| 100 |
1 |
|
|a Fried, István,
|d 1934-
|4 aut
|9 18725
|
| 245 |
1 |
0 |
|a Imagológia - komparatisztika
|c Fried István
|
| 504 |
|
|
|a Bibliogr. odkazy
|
| 650 |
0 |
7 |
|a literárna komparatistika
|2 snkbucl
|9 62017
|
| 650 |
0 |
7 |
|a imagológia
|2 snkbucl
|9 1598666
|
| 650 |
0 |
7 |
|a literárna história
|2 snkbucl
|9 1136
|
| 655 |
|
7 |
|a štúdie
|2 snkbucl
|9 57033
|
| 773 |
0 |
|
|t Irodalmi szemle
|g Évf. LIII, sz. 4 (2010), o. 37-45
|x 1336-5088
|
| 852 |
|
|
|a SNK
|b KIS3GCP
|
| 852 |
|
|
|a DSZK
|b KIS3GCP
|
| 958 |
|
|
|a HU
|
| 958 |
|
|
|a LX
|
| 958 |
|
|
|a NB
|
| 999 |
|
|
|c 3288117
|d 3290047
|